Disquisiciones sociológicas y otros ensayos / (Record no. 36568)

MARC details
000 -LEADER
campo de control de longitud fija 00675nam a2200193 i 4500
001 - NÚMERO DE CONTROL
campo de control 36568
003 - IDENTIFICADOR DE NÚMERO DE CONTROL
campo de control ES-MaACL
005 - FECHA Y HORA DE LA ÚLTIMA TRANSACCIÓN
campo de control 20230906155409.0
007 - CAMPO FIJO DE DESCRIPCIÓN FÍSICA--INFORMACIÓN GENERAL
campo de control de longitud fija t|
008 - DATOS DE LONGITUD FIJA--INFORMACIÓN GENERAL
campo de control de longitud fija 030218s1956 pr ||||1| spa d
100 1# - ENTRADA PRINCIPAL--NOMBRE DE PERSONA
Nombre de persona Brau, Salvador.
9 (RLIN) 31399
245 10 - MENCIÓN DEL TÍTULO
Título Disquisiciones sociológicas y otros ensayos /
Mención de responsabilidad, etc. Salvador Brau ; introducción de Eugenio Fernández Méndez.
260 ## - PUBLICACIÓN, DISTRIBUCIÓN, ETC.
Lugar de publicación, distribución, etc. Puerto Rico :
Nombre del editor, distribuidor, etc. Universidad de Puerto Rico,
Fecha de publicación, distribución, etc. 1956 (
Fabricante Cultura)
300 ## - DESCRIPCIÓN FÍSICA
Extensión 413 p. ;
Dimensiones 25 cm.
651 #4 - PUNTO DE ACCESO ADICIONAL DE MATERIA--NOMBRE GEOGRÁFICO
Nombre geográfico Puerto Rico-
Subdivisión general Usos y costumbres.
9 (RLIN) 9293
651 #4 - PUNTO DE ACCESO ADICIONAL DE MATERIA--NOMBRE GEOGRÁFICO
Nombre geográfico Puerto Rico-
Subdivisión general Situación social.
9 (RLIN) 9292
700 1# - ENTRADA AGREGADA--NOMBRE PERSONAL
Nombre de persona Fernández Méndez, Eugenio.
9 (RLIN) 49921
852 ## - LOCALIZACIÓN
Ubicación ES-MaACL
Número de control de estantería C-18244
Sublocalización o colección R.46535
Holdings
Estatus retirado Estado de pérdida Estado de daño No para préstamo Biblioteca de origen Biblioteca actual Ubicación en estantería Fecha de adquisición Fuente de adquisición Total de préstamos Signatura topográfica completa Código de barras Visto por última vez Precio de reemplazo Tipo de ítem Koha
        Biblioteca del Ateneo de Madrid Biblioteca del Ateneo de Madrid Galería 17/01/2008     C-18244 1038431 23/02/2023 23/02/2023 Libro impreso